000 01235nam a22003497a 4500
003 CHAP
005 20220329143347.0
008 081218s2003 mx r 00010 eng d
010 _a95513
011 _a96485
020 _a0521549329
035 _a107139
040 _cCHAP
082 0 4 _a577
_bM24
111 2 _aMacroecology : concepts and consequences
_cUniversity of Birmingham
_d17-10 April 2002
_nthe 43rd Annual Symposium of the British Ecological Society
_969549
245 1 0 _aMacroecology :
_bconcepts and consequences
260 _aMalden, MA :
_bBlackwell,
_c2003
300 _a442 p. :
_bgráfs.
590 _aBATCH-UPD
_b10
_c20130110
_lUCH01
_h0558
590 _aBATCH-UPD
_b10
_c20130110
_lUCH01
_h2350
590 _aBATCH-UPD
_b10
_c20130410
_lUCH01
_h0239
590 _aBATCH-UPD
_b10
_c20130914
_lUCH01
_h0629
590 _aCONVERSION
_b10
_c20130109
_lUCH01
_h1353
650 0 4 _aAnimales
_xEfecto del medio ambiente.
_95860
650 0 4 _aBiodiversidad.
_912724
650 0 4 _aEcología
_xInvestigación.
_935146
700 0 _aGaston, Kevin J.
_e, ed.
_947258
700 1 _aBlackburn, Tim M.
_e, ed.
_913001
901 _aBK
942 _cLIBRO
949 _a577 M24
_bBC
_cLIBRO
_d33724002068231
_eLIBRO
_gI.c/e
_h110120
_i107139
_sb
999 _c95513
_d95513